Central Library OPAC University of Rajshahi

Questions on banking practice from vols. I-XXX (inclusive) of the Journal / (Record no. 46187)

MARC details
000 -LEADER
fixed length control field 00846nam a2200253 a 4500
001 - CONTROL NUMBER
control field 46187
003 - CONTROL NUMBER IDENTIFIER
rucl marc code BD-RjUL
005 - DATE AND TIME OF LATEST TRANSACTION
control field 20211209054123.0
008 - FIXED-LENGTH DATA ELEMENTS--GENERAL INFORMATION
fixed length control field 160801s1921 enk 001 0 eng
035 ## - SYSTEM CONTROL NUMBER
System control number (BD-RjUL)46305
System control number (OCoLC)15357483
040 ## - CATALOGING SOURCE
Original cataloging agency DLC
Transcribing agency NmU
Modifying agency BD-RjUL
Language of cataloging eng
041 ## - LANGUAGE CODE
Language code of text/sound track or separate title eng
082 ## - DEWEY DECIMAL CLASSIFICATION NUMBER
Edition number 23
Classification number 332.10941
Author mark and year QUE 1921
110 2# - MAIN ENTRY--CORPORATE NAME
Corporate name or jurisdiction name as entry element Institute of Bankers (Great Britain)
9 (RLIN) 141122
245 14 - TITLE STATEMENT
Title Questions on banking practice from vols. I-XXX (inclusive) of the Journal /
Statement of responsibility, etc. Revised and issued under the authority of the Council of the institute
250 ## - EDITION STATEMENT
Edition statement 7th ed.
260 ## - PUBLICATION, DISTRIBUTION, ETC. (IMPRINT)
Place of publication, distribution, etc. London :
Name of publisher, distributor, etc. Blades, East and Blades,
Date of publication, distribution, etc. 1921
300 ## - PHYSICAL DESCRIPTION
Pagination viii, 599 p.
Size 22 cm.
500 ## - GENERAL NOTE
General note Includes index
650 #0 - SUBJECT ADDED ENTRY--TOPICAL TERM
Topical term or geographic name as entry element Banks and banking
Geographic subdivision Great Britain.
9 (RLIN) 133677
Topical term or geographic name as entry element Banking law
Geographic subdivision Great Britain.
9 (RLIN) 141123
942 ## - ADDED ENTRY ELEMENTS (KOHA)
Source of classification or shelving scheme Dewey Decimal Classification
Koha item type Books
Holdings
Lost status Source of classification or shelving scheme Damaged status Not for loan Collection code Permanent Location Current Location Shelving location Date acquired Source of acquisition Cost, normal purchase price Total Checkouts Full call number Date last seen Copy number Koha item type
  Dewey Decimal Classification     Non-fiction Central Library, University of Rajshahi Central Library, University of Rajshahi   20/05/1957 U. Ltd. 10.20   332.10941 QUE 1921 01/08/2016 C-2 Books